[Event "Albrecht-Beer-Turnier Gera"]
[Site "Gera"]
[Date "2024.10.03"]
[Round "2.24"]
[White "Kühnl, Bernd"]
[Black "Feldmann, Bernd"]
[Result "1/2-1/2"]
[WhiteElo "1813"]
[BlackElo "1987"]
[PlyCount "25"]
[EventDate "2024.10.03"]
[WhiteTeam "VfL 1990 Gera"]
[BlackTeam "Randspringer Bad Salzungen"]

1. Nf3 d5 2. c4 e6 3. b3 Be7 4. Bb2 Bf6 5. Bxf6 Nxf6 6. d4 O-O 7. g3 c6 8. e3
Nbd7 9. Bg2 Re8 10. O-O Ne4 11. Nfd2 Nxd2 12. Nxd2 Qf6 13. Qf3 1/2-1/2

[Event "Albrecht-Beer-Turnier Gera"]
[Site "Gera"]
[Date "2024.10.03"]
[Round "2.25"]
[White "Fietsch, Roland"]
[Black "Fleischmann, Theo"]
[Result "1/2-1/2"]
[WhiteElo "1982"]
[BlackElo "1814"]
[PlyCount "76"]
[EventDate "2024.10.03"]
[WhiteTeam "VfL 1990 Gera"]
[BlackTeam "SVG CAISSA Kassel"]

1. d4 Nf6 2. Nf3 d5 3. c4 c6 4. e3 e6 5. Bd3 Be7 6. O-O O-O 7. Nc3 dxc4 8. Bxc4
b5 9. Bd3 Bb7 10. a3 a6 11. Ne4 Nbd7 12. b4 a5 13. Bd2 c5 14. Nxc5 Bxf3 15.
Qxf3 Nxc5 16. bxc5 Bxc5 17. Bxb5 Rb8 18. Qe2 Bb6 19. Bd3 Qd7 20. Bb5 Qd6 21. a4
Rfd8 22. Qe1 Bc7 23. g3 Ra8 24. Rc1 Ne4 25. Bc6 Nxd2 26. Qxd2 Rab8 27. Bb5 Qe7
28. Qc2 Bd6 29. Qe4 Bb4 30. Rc6 Rbc8 31. Rfc1 Rxc6 32. Rxc6 Kh8 33. Bd3 g6 34.
Qe5+ Kg8 35. Bb5 Bd6 36. Qe4 Bb4 37. Qc2 Qf6 38. Bf1 Be1 1/2-1/2

[Event "Albrecht-Beer-Turnier Gera"]
[Site "Gera"]
[Date "2024.10.03"]
[Round "2.27"]
[White "Pleyer, Jürgen"]
[Black "Gast, Rainer"]
[Result "1/2-1/2"]
[WhiteElo "1806"]
[BlackElo "1965"]
[PlyCount "38"]
[EventDate "2024.10.03"]
[WhiteTeam "VfL 1990 Gera"]
[BlackTeam "SV Breitenworbis"]

1. e4 c6 2. d4 d5 3. exd5 cxd5 4. c4 Nf6 5. Nc3 e6 6. Nf3 Be7 7. Be2 O-O 8. O-O
b6 9. Bf4 Bb7 10. a3 Nc6 11. Rc1 Rc8 12. Ne5 dxc4 13. Nxc6 Bxc6 14. Bxc4 Bxg2
15. Bxe6 Bxf1 16. Bxc8 Bc4 17. Bh3 Bd6 18. Qf3 Qb8 19. Bg3 Ba6 1/2-1/2

[Event "Albrecht-Beer-Turnier Gera"]
[Site "Gera"]
[Date "2024.10.03"]
[Round "2.28"]
[White "Rauhut, Frank"]
[Black "Müller, Cosima"]
[Result "1-0"]
[WhiteElo "1963"]
[BlackElo "1807"]
[PlyCount "95"]
[EventDate "2024.10.03"]
[WhiteTeam "SV Jenapharm Jena"]
[BlackTeam "SSV Altenberg"]

1. d4 d5 2. Nf3 Nf6 3. c4 dxc4 4. e3 c5 5. Bxc4 cxd4 6. exd4 Bg4 7. Bxf7+ Kxf7
8. Ne5+ Ke8 9. Nxg4 Nc6 10. Nxf6+ exf6 11. Be3 Bb4+ 12. Nc3 Qa5 13. Qb3 Rd8 14.
Rd1 Qa6 15. a3 Ba5 16. Qe6+ Kf8 17. d5 Ne7 18. Qxa6 bxa6 19. Bc5 Kf7 20. b4 Bb6
21. O-O Rd7 22. Rfe1 Rc8 23. Ne4 Bxc5 24. Nxc5 Rd6 25. Re6 Rcd8 26. Nb7 Rxd5
27. Nxd8+ Rxd8 28. Rxd8 Kxe6 29. Kf1 Nc6 30. Rd2 Ne5 31. Ke2 Nc4 32. Rd3 Ne5
33. Rd4 Nc6 34. Rc4 Kd5 35. Rc5+ Kd6 36. Rh5 h6 37. f4 f5 38. Kd3 Ne7 39. Rh3
Nd5 40. Rf3 Nb6 41. Rg3 Nd5 42. Rg6+ Ke7 43. g3 Kf7 44. Rxa6 Nf6 45. Rxa7+ Kg6
46. Ra6 Kh5 47. Rxf6 gxf6 48. h3 1-0

[Event "Albrecht-Beer-Turnier Gera"]
[Site "Gera"]
[Date "2024.10.03"]
[Round "2.29"]
[White "Horatschek, Peter"]
[Black "Reimann, Hubert"]
[Result "1/2-1/2"]
[WhiteElo "1798"]
[BlackElo "1956"]
[Annotator "Walther,Thomas"]
[PlyCount "61"]
[EventDate "2024.10.03"]
[WhiteTeam "fuß brothers Jena"]
[BlackTeam "SV Motor Zeitz"]

{[%evp 0,61,19,30,28,2,2,-2,18,-33,-33,-25,-21,-16,2,2,16,38,30,23,23,48,53,33,
64,64,90,52,86,41,71,71,70,82,124,100,114,113,158,78,125,114,114,114,259,259,
259,264,264,264,336,315,292,255,255,203,255,255,293,233,328,303,279,279]} 1.
Nf3 Nf6 2. g3 d5 3. Bg2 c5 4. e3 Nc6 5. d4 e6 6. O-O b6 7. c4 cxd4 8. cxd5 Nxd5
9. Nxd4 Bb7 10. Nxc6 Bxc6 11. Nc3 Rc8 12. Nxd5 exd5 13. b3 Bc5 14. a3 a5 15.
Bb2 O-O 16. Qg4 g6 17. Rfd1 f5 18. Qe2 Qd7 19. Rd2 Qe6 20. Rad1 Rfd8 21. Qd3
Be7 22. Qd4 Kf7 23. Qg7+ Ke8 24. Qxh7 Rd7 25. Qh8+ Bf8 26. Qd4 Bb7 27. Qa4 Bc6
28. Qd4 Bc5 29. Qh4 Be7 30. Qd4 Bb7 31. Qh8+ 1/2-1/2

[Event "Albrecht-Beer-Turnier Gera"]
[Site "Gera"]
[Date "2024.10.03"]
[Round "2.30"]
[White "Skibbe, Diana"]
[Black "Vo, Thomi"]
[Result "1/2-1/2"]
[WhiteElo "1955"]
[BlackElo "1748"]
[PlyCount "71"]
[EventDate "2024.10.03"]
[WhiteTeam "SC Rochade Zeulenroda"]
[BlackTeam "Erfurter SK"]

1. e4 e5 2. Nf3 Nc6 3. Bb5 a6 4. Ba4 b5 5. Bb3 Nf6 6. O-O Nxe4 7. d4 d5 8. dxe5
Be6 9. c3 Be7 10. Nbd2 Nxd2 11. Bxd2 O-O 12. Be3 Qd7 13. a4 Rad8 14. axb5 axb5
15. Qe2 Bg4 16. Bf4 Bxf3 17. Qxf3 Qf5 18. Qe3 d4 19. cxd4 Rxd4 20. Bg3 Rd3 21.
Bc2 Rxe3 22. Bxf5 Re2 23. Bd7 Nd4 24. Rfd1 Nb3 25. Rab1 b4 26. Bb5 Rd2 27. Re1
Nd4 28. Bf4 Rc2 29. Bd3 Rc6 30. Be3 Ne6 31. Be4 Ra6 32. Rbc1 c5 33. Bd5 Ra5 34.
Ra1 Rxa1 35. Rxa1 Rd8 36. Bxe6 1/2-1/2

[Event "Albrecht-Beer-Turnier Gera"]
[Site "Gera"]
[Date "2024.10.03"]
[Round "2.31"]
[White "Hildebrand, Azat"]
[Black "May, Alexander"]
[Result "0-1"]
[WhiteElo "1590"]
[BlackElo "1952"]
[PlyCount "120"]
[EventDate "2024.10.03"]
[WhiteTeam "SC Borussia Lichtenberg"]
[BlackTeam "SV Gernrode 1887"]

1. d4 d5 2. Nf3 Nf6 3. e3 Bg4 4. Bd3 e6 5. Nbd2 Nbd7 6. O-O Bd6 7. e4 dxe4 8.
Nxe4 Nxe4 9. Bxe4 c6 10. Bg5 Bxf3 11. Bxd8 Bxd1 12. Raxd1 Rxd8 13. Rfe1 O-O 14.
Re3 Nf6 15. Bd3 c5 16. dxc5 Bxc5 17. Rh3 e5 18. g4 e4 19. Be2 Rxd1+ 20. Bxd1
Rd8 21. Be2 Rd2 22. Rc3 Rxe2 23. Rxc5 h6 24. g5 hxg5 25. Rxg5 Rxc2 26. Rb5 b6
27. h3 Kf8 28. a4 Ke7 29. a5 bxa5 30. Rb7+ Ke6 31. Rxa7 Rxb2 32. Rxa5 Nd5 33.
Ra6+ Rb6 34. Ra4 f5 35. Kf1 Nf4 36. f3 Rb1+ 37. Kf2 Nxh3+ 38. Kg3 Rb3 39. Kxh3
Rxf3+ 40. Kg2 g5 41. Ra6+ Ke5 42. Ra5+ Kf4 43. Ra4 Rb3 44. Ra2 g4 45. Rf2+ Rf3
46. Rd2 g3 47. Rc2 Rf2+ 48. Rxf2+ gxf2 49. Kxf2 e3+ 50. Ke2 Kg3 51. Kxe3 f4+
52. Ke2 Kg2 53. Ke1 f3 54. Kd1 f2 55. Kc1 f1=Q+ 56. Kb2 Qc4 57. Kb1 Kf3 58. Kb2
Ke3 59. Kb1 Kd3 60. Kb2 Qa4 0-1

[Event "Albrecht-Beer-Turnier Gera"]
[Site "Gera"]
[Date "2024.10.03"]
[Round "2.32"]
[White "Helmsdorf, Marius"]
[Black "Kitzig, Tobias"]
[Result "1/2-1/2"]
[WhiteElo "1948"]
[BlackElo "1714"]
[PlyCount "56"]
[EventDate "2024.10.03"]
[WhiteTeam "ESV Gera"]
[BlackTeam "SV 1861 Liebschwitz"]

1. d4 Nf6 2. Nc3 d5 3. Bf4 Bf5 4. e3 e6 5. Nf3 Bd6 6. Ne5 Nbd7 7. h4 h5 8. Bd3
Ne4 9. Nxe4 Bxe4 10. Bxe4 dxe4 11. c4 Nxe5 12. dxe5 Bb4+ 13. Ke2 Qxd1+ 14.
Rhxd1 Bc5 15. Bg5 Rf8 16. Rab1 a5 17. Rd2 f6 18. Bf4 Rf7 19. a3 a4 20. Rbd1 Re7
21. f3 exf3+ 22. gxf3 Bb6 23. Rg1 Kf7 24. Rg2 c6 25. Rd1 Rg8 26. Rdg1 Ree8 27.
Rc1 Bc7 28. exf6 Bxf4 1/2-1/2

[Event "Albrecht-Beer-Turnier Gera"]
[Site "Gera"]
[Date "2024.10.03"]
[Round "2.33"]
[White "Maiwald, Harald"]
[Black "Temirbek, Amirali"]
[Result "0-1"]
[WhiteElo "1946"]
[BlackElo "1592"]
[PlyCount "102"]
[EventDate "2024.10.03"]
[WhiteTeam "TSG Apolda"]

1. Nf3 d5 2. g3 Bg4 3. Bg2 e6 4. c4 c6 5. cxd5 exd5 6. O-O Nf6 7. d3 Nbd7 8. e4
Be7 9. Qa4 Nb6 10. Qc2 O-O 11. a4 a5 12. Nbd2 Rc8 13. Nb3 dxe4 14. dxe4 Nbd7
15. Rd1 Qc7 16. Bf4 Qb6 17. Be3 Qc7 18. h3 Bh5 19. g4 Bg6 20. Nfd4 Nd5 21. Bd2
Nb4 22. Qc3 Bf6 23. Qe3 Rfe8 24. f4 h6 25. f5 Bh7 26. Bc3 Nd5 27. Qf2 Nxc3 28.
bxc3 Qb6 29. Rab1 Qa7 30. Nc2 Qxf2+ 31. Kxf2 Nb6 32. Nxa5 Nxa4 33. Rxb7 Nc5 34.
Ra7 Bxc3 35. Nc4 Red8 36. Rxd8+ Rxd8 37. Rc7 g6 38. Rxc6 Nd3+ 39. Ke3 Ne5 40.
Nxe5 Bxe5 41. Nb4 Kg7 42. Nd3 Bd4+ 43. Kf4 Bf6 44. Bf1 Bg5+ 45. Ke5 f6+ 46. Ke6
Kf8 47. fxg6 Bxg6 48. Nc5 Bf7+ 49. Kf5 Re8 50. Nd7+ Kg7 51. Nxf6 Bg6# 0-1

[Event "Albrecht-Beer-Turnier Gera"]
[Site "Gera"]
[Date "2024.10.03"]
[Round "2.34"]
[White "Zipfel, Frank"]
[Black "Stiehler, Klaus"]
[Result "1-0"]
[WhiteElo "2154"]
[BlackElo "1744"]
[PlyCount "95"]
[EventDate "2024.10.03"]
[WhiteTeam "fuß brothers Jena"]
[BlackTeam "Muldental Wilkau-Haßlau"]

1. e4 d6 2. d4 Nf6 3. Nc3 g6 4. h3 a6 5. f4 Bg7 6. Be3 c6 7. Nf3 Qa5 8. Qd2
Nbd7 9. e5 dxe5 10. dxe5 Nd5 11. Nxd5 Qxd2+ 12. Bxd2 cxd5 13. O-O-O O-O 14. Be3
e6 15. Nd4 b5 16. Be2 Bb7 17. h4 Rac8 18. h5 Rfe8 19. Kb1 Rc7 20. c3 Bf8 21.
Rh3 b4 22. cxb4 Bxb4 23. hxg6 fxg6 24. Bg4 Nf8 25. Bd2 Bxd2 26. Rxd2 Rec8 27.
Rd1 Kf7 28. Rb3 Bc6 29. Rc1 Bd7 30. Rxc7 Rxc7 31. Rb6 Rc4 32. Ne2 a5 33. b3 Rc5
34. Rb7 Ke7 35. Kb2 Kd8 36. Nd4 Ke7 37. Be2 Kd8 38. a4 Ke8 39. Ra7 Kd8 40. Nb5
Bxb5 41. Bxb5 Rc7 42. Rxa5 Nd7 43. b4 Nb6 44. Ra6 Nc4+ 45. Bxc4 Rxc4 46. Kb3
Kd7 47. Rd6+ Ke7 48. g3 1-0

[Event "Albrecht-Beer-Turnier Gera"]
[Site "Gera"]
[Date "2024.10.03"]
[Round "2.35"]
[White "Scheiding, Sophia"]
[Black "Westphal, Wolfgang"]
[Result "0-1"]
[WhiteElo "1669"]
[BlackElo "2136"]
[PlyCount "70"]
[EventDate "2024.10.03"]
[WhiteTeam "Meuselwitzer SV"]
[BlackTeam "SSC Graal-Müritz"]

1. e4 a6 2. Bc4 e6 3. Nc3 b5 4. Be2 Bb7 5. d3 Nf6 6. Nf3 d5 7. exd5 Nxd5 8. Bd2
Be7 9. O-O O-O 10. Ne4 Nd7 11. a3 N7f6 12. Ng3 Bd6 13. b4 Nf4 14. Bc3 c5 15.
Bxf6 Qxf6 16. Ne4 Bxe4 17. dxe4 Rfd8 18. Qe1 Qg6 19. g3 cxb4 20. e5 Bc5 21. Nh4
Qg5 22. Nf3 Qg4 23. Bd1 bxa3 24. Kh1 Nd5 25. Ng1 Qd4 26. Bf3 Bb4 27. Qb1 Qxe5
28. h3 Rac8 29. Kh2 a5 30. Bg2 Qb2 31. Qd1 Ne3 32. Qh5 Nxf1+ 33. Rxf1 g6 34.
Qxb5 a2 35. Qa4 Qxc2 0-1

[Event "Albrecht-Beer-Turnier Gera"]
[Site "Gera"]
[Date "2024.10.03"]
[Round "2.36"]
[White "Piotraschke, Jens"]
[Black "Kutlar, Aras"]
[Result "1/2-1/2"]
[WhiteElo "2059"]
[BlackElo "1759"]
[PlyCount "68"]
[EventDate "2024.10.03"]
[WhiteTeam "TuS Coswig 1920"]
[BlackTeam "Hamburger SK von 1830"]

1. d4 d5 2. Nf3 Nf6 3. c4 c6 4. e3 Bg4 5. Nc3 e6 6. Qb3 Qb6 7. Be2 Be7 8. h3
Bxf3 9. Bxf3 Nbd7 10. Bd2 Rc8 11. O-O-O O-O 12. cxd5 Nxd5 13. Qxb6 N7xb6 14.
Kb1 Nc4 15. Be1 Rfd8 16. Rc1 Ncb6 17. Ne4 f5 18. Nc5 Bxc5 19. Rxc5 Kf7 20. Ba5
Kf6 21. Rhc1 Rd6 22. g3 Nd7 23. R5c2 e5 24. dxe5+ Nxe5 25. Bxd5 Rxd5 26. Bc3
Kf7 27. Bxe5 Rxe5 28. Rd2 Ke6 29. Rcd1 Rd5 30. Rxd5 cxd5 31. b3 b6 32. Kb2 g6
33. Rd4 Ke5 34. a3 Rc7 1/2-1/2

[Event "Albrecht-Beer-Turnier Gera"]
[Site "Gera"]
[Date "2024.10.03"]
[Round "2.39"]
[White "Rosenkranz, Andreé"]
[Black "Braun, Kevin"]
[Result "1-0"]
[WhiteElo "1942"]
[BlackElo "1539"]
[PlyCount "71"]
[EventDate "2024.10.03"]
[WhiteTeam "SV Weißblau Allianz Leipzig"]
[BlackTeam "SV Erzgebirge Stollberg"]

1. d4 c6 2. c4 Nf6 3. Nc3 d5 4. Nf3 Bf5 5. e3 e6 6. Bd3 Bg6 7. O-O Nbd7 8. Re1
Bd6 9. e4 dxc4 10. Bxc4 Bc7 11. d5 Nb6 12. Bb3 e5 13. Bg5 O-O 14. dxc6 bxc6 15.
Qe2 Qe7 16. Rad1 Rad8 17. h3 h6 18. Bh4 Rd6 19. Rxd6 Bxd6 20. Nd2 Bb4 21. Qf3
Nbd7 22. a3 Ba5 23. Nc4 Bc7 24. Rd1 Qc5 25. Ne3 Rb8 26. Bc4 Rxb2 27. Na4 Qxa3
28. Nxb2 Qxb2 29. Rxd7 Nxd7 30. Qg4 Qd4 31. Qxg6 Qxc4 32. Qg4 Qd3 33. Nf5 g6
34. Nxh6+ Kh7 35. Nxf7 Qb3 36. Qxd7 1-0

[Event "Albrecht-Beer-Turnier Gera"]
[Site "Gera"]
[Date "2024.10.03"]
[Round "2.41"]
[White "Pekrul, Jürgen"]
[Black "Schimming, Jürgen"]
[Result "1-0"]
[WhiteElo "1890"]
[BlackElo "1476"]
[PlyCount "67"]
[EventDate "2024.10.03"]
[WhiteTeam "VfL 1990 Gera"]
[BlackTeam "SK Turm Bad Hersfeld"]

1. Nf3 Nf6 2. d4 g6 3. g3 Bg7 4. Bg2 O-O 5. O-O d6 6. Re1 c5 7. d5 e6 8. dxe6
Bxe6 9. Ng5 Qd7 10. Nxe6 fxe6 11. e4 Nc6 12. c3 Rab8 13. Bh3 Rbd8 14. Qb3 Rfe8
15. Na3 Na5 16. Qb5 Qc7 17. Bf4 a6 18. Qe2 e5 19. Bg5 h6 20. Bxf6 Bxf6 21. Rad1
Kh7 22. Nc2 Qf7 23. Ne3 Bg7 24. Nd5 b5 25. Rd3 Qa7 26. Red1 Rf8 27. Ne3 Rf6 28.
Ng4 Rdf8 29. Nxf6+ Rxf6 30. Rxd6 Rf8 31. Rd7 Qb6 32. R1d6 Nc6 33. Qg4 c4 34.
Qxg6+ 1-0

[Event "Albrecht-Beer-Turnier Gera"]
[Site "Gera"]
[Date "2024.10.03"]
[Round "2.45"]
[White "Just, Joachim"]
[Black "Horn, Jens"]
[Result "0-1"]
[WhiteElo "1935"]
[BlackElo "1644"]
[PlyCount "122"]
[EventDate "2024.10.03"]
[WhiteTeam "SV Motor Zeitz"]
[BlackTeam "Post-SV Crimmitschau"]

1. d4 d5 2. Nf3 Nf6 3. Bg5 e6 4. e3 Be7 5. Nbd2 h6 6. Bf4 Nbd7 7. h3 c5 8. c3
O-O 9. Be2 Re8 10. O-O Nf8 11. Ne5 cxd4 12. exd4 Bd6 13. Re1 Qc7 14. Bb5 Bd7
15. Nxd7 N8xd7 16. Bxd6 Qxd6 17. Nf3 Qb6 18. Qb3 a6 19. Bd3 Rac8 20. Ne5 Qxb3
21. axb3 Nxe5 22. dxe5 Nd7 23. b4 Red8 24. Ra5 Kf8 25. f4 g6 26. g4 Ke7 27. f5
gxf5 28. gxf5 Rg8+ 29. Kh2 Rg5 30. h4 Rg4 31. f6+ Kd8 32. Kh3 h5 33. b5 axb5
34. Bxb5 Nc5 35. Be2 Re4 36. Raa1 Rxe5 37. Bf3 Rf5 38. Be2 Kd7 39. Rf1 Rxf1 40.
Rxf1 Rh8 41. Rg1 Ne4 42. Rg7 Ke8 43. Bb5+ Kf8 44. Rg1 Nxf6 45. Ra1 Kg7 46. Ra7
Rb8 47. c4 dxc4 48. Bxc4 Ne4 49. b4 Nf2+ 50. Kg3 Ng4 51. Be2 f5 52. Ba6 Kf6 53.
Bxb7 Rg8 54. b5 Ne5+ 55. Kf2 Rb8 56. Ke3 Nc4+ 57. Kd4 Nd6 58. Bf3 Nxb5+ 59. Kc5
Nxa7 60. Bxh5 Rh8 61. Bf3 Rxh4 0-1

[Event "Albrecht-Beer-Turnier Gera"]
[Site "Gera"]
[Date "2024.10.03"]
[Round "2.46"]
[White "Richter, Felix"]
[Black "Dittrich, Carsten"]
[Result "0-1"]
[WhiteElo "1646"]
[BlackElo "1930"]
[PlyCount "130"]
[EventDate "2024.10.03"]
[WhiteTeam "SK Zehlendorf"]
[BlackTeam "SSC Graal-Müritz"]

1. e4 c6 2. d4 d6 3. Nc3 Qc7 4. Nf3 Bg4 5. h3 Bxf3 6. Qxf3 e5 7. d5 Nf6 8. Bg5
Be7 9. Bd3 Nbd7 10. O-O O-O 11. Qg3 Nh5 12. Qh4 Bxg5 13. Qxg5 Nf4 14. Qg3 Nc5
15. dxc6 bxc6 16. Qe3 Ncxd3 17. cxd3 f5 18. Ne2 Nxe2+ 19. Qxe2 Qb6 20. Qc2 f4
21. Rac1 Rac8 22. Qc4+ Kh8 23. b3 Rf6 24. Qc2 Rh6 25. Qe2 Rf8 26. Qf3 Rg6 27.
Kh1 c5 28. Rg1 Qd8 29. Rcf1 Kg8 30. Qh5 Rg5 31. Qf3 Rf6 32. Kh2 Qe8 33. Kh1
Rgg6 34. Kh2 Rh6 35. Kh1 Qe7 36. Kh2 g5 37. Qg4 Rhg6 38. f3 Rf8 39. Rh1 Kg7 40.
Kg1 h5 41. Qxh5 Rh6 42. Qg4 Rh4 43. g3 Rxg4 44. hxg4 fxg3 45. Kg2 Rh8 46. Kxg3
Rxh1 47. Rxh1 Qf6 48. Kf2 Qf4 49. Ke2 Qg3 50. Rf1 Qg2+ 51. Rf2 Qg1 52. Rf1 Qd4
53. Rd1 Kf7 54. Rd2 Ke7 55. Rc2 Kd7 56. Rd2 Kc6 57. Rc2 Kb5 58. Rd2 Kb4 59. Rc2
Qg1 60. Rd2 Kc3 61. Rd1 Qh2+ 62. Ke3 Qxa2 63. f4 exf4+ 64. Kf3 Qc2 65. Re1
Qxd3+ 0-1

[Event "Albrecht-Beer-Turnier Gera"]
[Site "Gera"]
[Date "2024.10.03"]
[Round "2.47"]
[White "Kohl, Anke"]
[Black "Streit, Jürgen"]
[Result "0-1"]
[WhiteElo "1641"]
[BlackElo "1882"]
[PlyCount "54"]
[EventDate "2024.10.03"]
[WhiteTeam "Meuselwitzer SV"]
[BlackTeam "SZ Elstertal Langenberg"]

1. e4 c5 2. Nf3 e6 3. d4 cxd4 4. Nxd4 a6 5. Nc3 Qc7 6. Be2 Nf6 7. O-O b5 8. Be3
b4 9. Na4 Nxe4 10. Bf3 d5 11. Nb3 Nd7 12. Qd4 Nef6 13. Rac1 e5 14. Qd2 e4 15.
Be2 Qc6 16. c4 d4 17. Qxd4 Qxa4 18. Bf4 Qc6 19. Rfd1 Be7 20. Na5 Qc5 21. Qxc5
Nxc5 22. Nc6 Nb7 23. Bc7 Bd7 24. Ne5 Bc5 25. g4 h6 26. Kg2 Be6 27. f3 Rc8 0-1

[Event "Albrecht-Beer-Turnier Gera"]
[Site "Gera"]
[Date "2024.10.03"]
[Round "2.48"]
[White "Schuricht, Dirk"]
[Black "Brunen, Raul"]
[Result "1-0"]
[WhiteElo "1619"]
[BlackElo "1791"]
[PlyCount "51"]
[EventDate "2024.10.03"]
[WhiteTeam "Krefelder SK Turm 1851"]
[BlackTeam "SC Reichenbach"]

1. d4 d5 2. Nf3 Nf6 3. g3 e6 4. Bg2 c6 5. O-O Bd6 6. c4 O-O 7. Bg5 Nbd7 8. Nbd2
h6 9. Bxf6 Nxf6 10. Qc2 Re8 11. e4 e5 12. dxe5 dxe4 13. Nxe4 Bxe5 14. Rad1 Qa5
15. Nxe5 Nxe4 16. Bxe4 Rxe5 17. Rfe1 f5 18. Bd5+ Rxd5 19. cxd5 cxd5 20. Re8+
Kh7 21. Rxc8 Rxc8 22. Qxf5+ g6 23. Qd7+ Kg8 24. Qxc8+ Kf7 25. Qxb7+ Kg8 26.
Qxd5+ 1-0

[Event "Albrecht-Beer-Turnier Gera"]
[Site "Gera"]
[Date "2024.10.03"]
[Round "2.49"]
[White "Stolz, Markus"]
[Black "Päpke, Aaron"]
[Result "1-0"]
[WhiteElo "1791"]
[BlackElo "1640"]
[PlyCount "73"]
[EventDate "2024.10.03"]
[WhiteTeam "TSG Apolda"]
[BlackTeam "SC Agon Neumünster"]

1. e4 e6 2. b3 d5 3. exd5 exd5 4. Nf3 Nf6 5. d4 Bd6 6. Bd3 Bg4 7. O-O O-O 8.
Bg5 h6 9. Bh4 Nbd7 10. Nbd2 Re8 11. c4 c6 12. Qc2 b6 13. h3 Be6 14. Rae1 Qc7
15. Bxf6 Nxf6 16. Ne5 Nd7 17. f4 f6 18. Bh7+ Kh8 19. Ng6+ Kxh7 20. Nf8+ Kg8 21.
Nxe6 Qb7 22. Qg6 Nf8 23. Nxf8 Kxf8 24. cxd5 cxd5 25. Qf5 Rac8 26. Nf3 Bb4 27.
Rc1 Rcd8 28. Ne5 Ba3 29. Rc2 Kg8 30. Ng4 Qd7 31. Qg6 Kf8 32. Qh7 Qf7 33. Ne5
Qg8 34. Ng6+ Kf7 35. Rc7+ Be7 36. Qxg8+ Rxg8 37. Nxe7 1-0

[Event "Albrecht-Beer-Turnier Gera"]
[Site "Gera"]
[Date "2024.10.03"]
[Round "2.50"]
[White "Schimming, Wilhelm"]
[Black "Kroh, Christian"]
[Result "0-1"]
[WhiteElo "1612"]
[BlackElo "1785"]
[PlyCount "116"]
[EventDate "2024.10.03"]
[WhiteTeam "SK Turm Bad Hersfeld"]
[BlackTeam "TSG Apolda"]

1. e4 c6 2. d4 d5 3. exd5 cxd5 4. Bd3 Nf6 5. h3 Nc6 6. Nf3 e6 7. O-O Bd6 8. Bg5
h6 9. Be3 a6 10. a4 Rb8 11. c3 b5 12. Qc2 O-O 13. Re1 b4 14. Nbd2 Qc7 15. Reb1
e5 16. dxe5 Nxe5 17. Nxe5 Bxe5 18. Bd4 Bxd4 19. cxd4 Qf4 20. Nf3 Bxh3 21. Qe2
Bg4 22. Bxa6 Bxf3 23. Qxf3 Qxd4 24. a5 Ne4 25. Qe3 Qxe3 26. fxe3 Nc5 27. Be2
Ra8 28. a6 Ra7 29. Rd1 Rd8 30. Bf3 Rxa6 31. Rxa6 Nxa6 32. Rxd5 Rxd5 33. Bxd5
Nc5 34. b3 Kf8 35. Kf1 Ke7 36. Ke2 f5 37. Kf3 Kd6 38. Bc4 Ke5 39. Ke2 g5 40.
Kf3 h5 41. Kf2 Ke4 42. Ke2 f4 43. exf4 Kxf4 44. Kf2 Ne4+ 45. Kg1 Kg3 46. Bf7 h4
47. Bd5 Nd6 48. Be6 Nb5 49. Bf7 Nc3 50. Bc4 Nd1 51. Bd5 Ne3 52. Bc6 g4 53. Bd7
Nxg2 54. Bc6 Ne3 55. Bb7 h3 56. Bc6 Nd1 57. Bg2 h2+ 58. Kf1 Ne3+ 0-1

[Event "Albrecht-Beer-Turnier Gera"]
[Site "Gera"]
[Date "2024.10.03"]
[Round "2.51"]
[White "Weinitschke, Daniel"]
[Black "Stadelmann, Constantin"]
[Result "1-0"]
[WhiteElo "1780"]
[BlackElo "1623"]
[PlyCount "47"]
[EventDate "2024.10.03"]
[WhiteTeam "Krostitzer SV"]
[BlackTeam "SSV Vimaria 91 Weimar"]

1. d4 f5 2. c4 Nf6 3. Nc3 e6 4. Nf3 d5 5. Bf4 Bd6 6. Bxd6 cxd6 7. cxd5 exd5 8.
e3 O-O 9. Bd3 Ne4 10. Qb3 Nf6 11. O-O Nc6 12. Nxd5 Be6 13. Nxf6+ Qxf6 14. d5
Bf7 15. e4 fxe4 16. Bxe4 Ne7 17. Qd3 Kh8 18. b4 a6 19. Rfe1 Rac8 20. Rac1 Qb2
21. Rxc8 Rxc8 22. Ng5 Bg6 23. Bxg6 Nxg6 24. Qh3 1-0

[Event "Albrecht-Beer-Turnier Gera"]
[Site "Gera"]
[Date "2024.10.03"]
[Round "2.52"]
[White "Richter, Anastasia"]
[Black "Czäczine, Laura"]
[Result "0-1"]
[WhiteElo "1584"]
[BlackElo "1777"]
[PlyCount "54"]
[EventDate "2024.10.03"]
[WhiteTeam "SV Königsjäger Süd-West"]
[BlackTeam "Chemnitzer SC Aufbau`95"]

1. e4 e5 2. Nf3 Nc6 3. d4 exd4 4. Bc4 Nf6 5. e5 d5 6. Bb5 Ne4 7. Nxd4 Bd7 8.
Bxc6 bxc6 9. O-O Bc5 10. f3 Ng5 11. f4 Ne6 12. Be3 Qb8 13. f5 Nxd4 14. Bxd4 Qb6
15. c3 Bxd4+ 16. Qxd4 Qxb2 17. e6 O-O 18. e7 Rfe8 19. f6 Qxa1 20. Qd2 gxf6 21.
Qh6 Bf5 22. Qxf6 Bg6 23. h4 Qxa2 24. g4 Qc4 25. Rf4 Qc5+ 26. Kh1 Rxe7 27. Rf1
Qe3 0-1

[Event "Albrecht-Beer-Turnier Gera"]
[Site "Gera"]
[Date "2024.10.03"]
[Round "2.53"]
[White "Fadeev, Justin Michael"]
[Black "Tran, Anh Duc Kevin"]
[Result "1-0"]
[WhiteElo "1776"]
[BlackElo "1585"]
[PlyCount "107"]
[EventDate "2024.10.03"]
[WhiteTeam "Barnimer SF"]
[BlackTeam "Erfurter SK"]

1. e4 c6 2. d4 d5 3. exd5 cxd5 4. Bd3 Nc6 5. c3 Nf6 6. Bf4 e6 7. Nf3 Bd6 8. Bg3
Bxg3 9. hxg3 Qb6 10. Qb3 Qxb3 11. axb3 h6 12. Nbd2 Bd7 13. b4 O-O 14. b5 Ne7
15. O-O Nc8 16. Ne5 Nd6 17. Nxd7 Nxd7 18. f4 Nf6 19. Rfe1 Rfd8 20. Ra2 b6 21.
Nf3 Nfe4 22. g4 f5 23. gxf5 exf5 24. Ne5 Kh7 25. Rea1 Nc8 26. Bxe4 fxe4 27. b3
Kg8 28. Kf2 Rf8 29. Ke3 Nd6 30. Rxa7 Rxa7 31. Rxa7 Nxb5 32. Rb7 Nxc3 33. Rxb6
Nd1+ 34. Ke2 Nb2 35. g3 Rf6 36. Rxf6 gxf6 37. Ng4 Kg7 38. Ne3 Kf7 39. Nxd5 Ke6
40. Nb4 Kf5 41. d5 h5 42. Kd2 h4 43. gxh4 Kxf4 44. d6 Kf3 45. Ke1 f5 46. d7 f4
47. d8=Q Kg2 48. Qd2+ Kg3 49. Qxb2 e3 50. Nd5 f3 51. Nxe3 Kh3 52. Kf2 Kh2 53.
Kxf3+ Kh1 54. Qg2# 1-0

[Event "Albrecht-Beer-Turnier Gera"]
[Site "Gera"]
[Date "2024.10.03"]
[Round "2.54"]
[White "Brade, Harald"]
[Black "Kötz, Michael"]
[Result "0-1"]
[WhiteElo "1578"]
[BlackElo "1772"]
[PlyCount "92"]
[EventDate "2024.10.03"]
[WhiteTeam "ESV Lok Döbeln"]
[BlackTeam "Einheit Börnichen"]

1. e4 c6 2. Nc3 d5 3. exd5 cxd5 4. d4 Bf5 5. Qf3 e6 6. Bd3 Bxd3 7. Qxd3 Qa5 8.
Bd2 Bb4 9. Nf3 Bxc3 10. Bxc3 Qa6 11. Qxa6 Nxa6 12. O-O Nf6 13. Bd2 h6 14. Rfe1
Ne4 15. Rac1 Nxd2 16. Nxd2 b5 17. a3 Rc8 18. b3 b4 19. a4 Kd7 20. Re3 Rc7 21.
Nb1 Rhc8 22. c3 bxc3 23. Rcxc3 Nb4 24. Rxc7+ Rxc7 25. Rc3 Nc2 26. Rxc7+ Kxc7
27. Nc3 Nxd4 28. b4 a6 29. b5 axb5 30. axb5 Kb6 31. f3 Nxb5 32. Ne2 Kc5 33. Kf2
d4 34. Nf4 Kc4 35. Ke2 Nc3+ 36. Kd2 Nd5 37. Nd3 f6 38. Nb2+ Kc5 39. g3 Nb4 40.
Nd1 f5 41. Nf2 Kd5 42. h4 e5 43. g4 e4 44. fxe4+ fxe4 45. Kd1 e3 46. Nh3 Ke4
0-1

[Event "Albrecht-Beer-Turnier Gera"]
[Site "Gera"]
[Date "2024.10.03"]
[Round "2.55"]
[White "Tittmann, Julian"]
[Black "Struzina, Elias"]
[Result "1-0"]
[WhiteElo "1767"]
[BlackElo "1582"]
[PlyCount "87"]
[EventDate "2024.10.03"]
[WhiteTeam "fuß brothers Jena"]
[BlackTeam "TSV Kitzscher"]

1. Nf3 Nf6 2. c4 g6 3. b4 Bg7 4. Bb2 O-O 5. g3 d5 6. cxd5 Nxd5 7. Bxg7 Kxg7 8.
Qb3 Qd6 9. a3 Nd7 10. Bg2 N7f6 11. O-O Be6 12. Qb2 Bg4 13. e4 Nb6 14. e5 Nc4
15. exf6+ exf6 16. Qc3 Nb6 17. d4 c6 18. Nbd2 Rad8 19. Rfe1 Nd5 20. Qc5 Qb8 21.
h3 Bf5 22. Nh4 Be6 23. b5 cxb5 24. Qxb5 Rd6 25. Ne4 Rb6 26. Qe2 Qc8 27. Rac1
Qb8 28. Nc5 Re8 29. Bxd5 Bxd5 30. Qxe8 Qxe8 31. Rxe8 Rb2 32. g4 Bc6 33. Re7 Kf8
34. Rce1 Ra2 35. Nxb7 Rxa3 36. Kh2 Ra2 37. Kg3 Ra3+ 38. R1e3 Ra1 39. f3 Rd1 40.
Nd8 Bb5 41. Rxf7+ Kg8 42. Ree7 Rxd4 43. Ne6 Rd1 44. Rf8# 1-0